02961nam a2200337 a 4500001001000000003000200010005001700012007000300029008004100032020001800073040002200091082002800113100003400141245008300175260003900258300002100297490001400318500005700332505172600389590002602115650007102141650004202212910004002254930002102294942001202315952012602327952011902453956001802572956001802590999001502608000037620 20260303111707.0ta121008s2010 dr 000 0 spa d a9789945460674 aBPMSUbspacBPMSU04aRD860.3bA676d 20102221 aArdavín Trabanco, Carlos X.10aDiccionario personal de literatura dominicana /cCarlos X. Ardavín Trabanco. aSanto Domingo :bSantuario,c2010. a156 p. ;c23 cm.0 aSantuario aIncluye datos biográficos del autor en las solapas0 aNota preliminar, 9 / José Alcántara Almánzar, 11 / Joaquín Balaguer, 13 / Juan Daniel Balcácer, 15 / León Félix Batista, 17 / Osvaldo Bazil, 19 / Basilio Belliard, 21 / Juan Bosch, 23 / Luis O. Brea Franco, 25 / Manuel del Cabral, 27 / Aída Cartagena Portalatín, 29 / Diógenes Céspedes, 31 / Tulio Manuel Cestero, 33 / Plinio Chahín, 35 / Miguel Collado, 37 / Francisco Comarazamy, 39 / León David, 41 / Virgilio Díaz Grullón, 43 / Juan Pablo Duarte, 45 / Carlos Francisco Elías, 47 / Antonio Fernández Spencer, 49 / Alex Ferreras, 55 / Fabio Fiallo, 57 / Ramón A. Font Bernard, 59 / Miguel Ángel Fornerín, 61 / José Enrique García, 63 / Eugenio García Cuevas, 65 / Freddy Gatón Arce, 67 / Cándido Gerón, 69 / Alexis Gómez Rosa, 71 / Federico Henríquez Gratereaux, 73 / Camila Henríquez Ureña, 75 / Max Henríquez Ureña, 77 / Pedro Henríquez Ureña, 79 / Taty Hernández Rueda, 83 / Orlando Inoa, 85 / Norberto James, 87 / Dionisio de Jesús, 89 / José Rafael Lantigua, 91 / Mariano Lebrón Saviñón, 93 / Américo Lugo, 95 / José Mármol, 97 / Andrés L. Mateo, 99 / Miguel D. Mena, 101 / Franklin Mieses Burgos, 103 / Jeannette Mir, 107 / Manuel Mora Serrano, 109 / Domingo Moreno Jiménez, 111 / Mateo Morrison, 113 / Frank Moya Pons, 115 / Manuel Núñez, 117 / Germán Emilio Ornes, 121 / Pedro Peix, 123 / Giovanni Di Pietrol, 125 / Tony Raful, 127 / Emilio Rodríguez Demorizi, 129 / René Rodríguez Soriano, 131 / Bruno Rosario Candelier, 133 / Enriquillo Sánchez, 135 / Médar Serrata, 137 / Rosa Silverio, 139 / María Ugarte, 141 / Salomé Ureña de Henríquez, 143 / Marcio Veloz Maggiolo, 145 / Pedro Vergés, 147 aInventariado, 2025/VM 4aAutores dominicanos xCrítica e interpretación yDiccionarios  4aLiteratura dominicana vDiccionarios  aVMateo V. Control de calidad BPMSU  1l m 8 f p g  2ddccBK 00102ddc40708CDaBPMETbBPMETd2014-07-16l0oBPMSU CDR RD860.3 A676d 2010pBPMSU15040629r2014-07-16w2014-07-16yBK 00102ddc40708CDaBPMETbBPMETd2017-11-07l0oR RD860.3 A676dpBPMSU17110057r2017-11-07te. 2w2017-11-07yBK a b c l h  a b c l h  c7189d7189